[Event "LSS WC-2008-F-00003"]
[Site "LSS email"]
[Date "2008.11.12"]
[Round "?"]
[White "Bronislavas, Kriksciunas"]
[Black "Kovacs, Arthur"]
[Result "1/2-1/2"]
[WhiteElo "2311"]
[BlackElo "2317"]
[PlyCount "48"]
[EventDate "2008.11.12"]
[EventType "tourn (corr)"]
[EventRounds "10"]
[EventCountry "GER"]
[SourceTitle "Corr 2011"]
[Source "ChessBase"]
[SourceDate "2010.08.31"]
[SourceVersion "1"]
[SourceVersionDate "2010.08.31"]
[SourceQuality "1"]

1. d4 d5 2. c4 e6 3. Nc3 Nf6 4. Nf3 Be7 5. Bg5 h6 6. Bh4 0-0 7. e3 b6 8. Bd3 Bb7 9. 0-0 Nbd7 10. Bg3 c5 11. Qe2 Ne4 12. cxd5 exd5 13. Rad1 Qc8 14. Rfe1 Ndf6 15. dxc5 Nxc3 16. bxc3 Ne4 17. Bxe4 dxe4 18. Ne5 Bxc5 19. Rd7 Bc6 20. Rd2 Qe6 21. Nxc6 Qxc6 22. Red1 Be7 23. c4 Rfe8 24. Rd7 Rad8 1/2-1/2

[Event "LSS CP-2006-Q-00008"]
[Site "LSS email"]
[Date "2008.01.15"]
[Round "?"]
[White "Malmstroem, Jan"]
[Black "Bronislavas, Kriksciunas"]
[Result "1/2-1/2"]
[WhiteElo "1746"]
[BlackElo "2299"]
[PlyCount "85"]
[EventDate "2008.01.15"]
[EventType "tourn (corr)"]
[EventRounds "6"]
[EventCountry "GER"]
[SourceTitle "Corr 2013"]
[Source "ChessBase"]
[SourceDate "2012.11.12"]
[SourceVersion "1"]
[SourceVersionDate "2012.11.12"]
[SourceQuality "1"]
[WhiteTeam "US of America"]
[BlackTeam "US of America"]
[WhiteTeamCountry "USA"]
[BlackTeamCountry "USA"]

1. c4 Nf6 2. d4 g6 3. Nc3 Bg7 4. e4 d6 5. Nf3 0-0 6. Be2 e5 7. 0-0 exd4 8. Nxd4 Re8 9. f3 Nc6 10. Be3 Nh5 11. f4 Nf6 12. Bf3 Bg4 13. Nxc6 Bxf3 14. Qxf3 bxc6 15. Rae1 Qc8 16. Bd4 Qg4 17. Qf2 Qe6 18. b3 c5 19. f5 Qd7 20. Bxf6 Bxf6 21. Nd5 Be5 22. Qd2 Qd8 23. f6 Re6 24. Kh1 c6 25. Ne7+ Rxe7 26. fxe7 Qxe7 27. Re3 Re8 28. Ref3 f6 29. b4 Bd4 30. bxc5 dxc5 31. Qc2 Qxe4 32. Qxe4 Rxe4 33. Ra3 Re7 34. Ra6 Kg7 35. Rxc6 h5 36. Ra6 h4 37. h3 f5 38. Rd1 Kh6 39. a4 Kg5 40. a5 f4 41. Rd6 Re2 42. Rd5+ Kf6 43. Rf1 1/2-1/2

[Event "HCL-M005 email"]
[Site "DESC email"]
[Date "2001.04.22"]
[Round "10"]
[White "Schutt, Raymond Wayne"]
[Black "Bronislavas, Kriksciunas"]
[Result "1-0"]
[WhiteElo "2634"]
[BlackElo "2301"]
[PlyCount "85"]
[EventDate "2001.??.??"]
[EventType "tourn (corr)"]
[EventRounds "1"]
[EventCountry "GER"]
[SourceTitle "Telechess CBM 127"]
[Source "C hessBase"]
[SourceDate "2008.11.13"]
[SourceVersion "1"]
[SourceVersionDate "2008.11.13"]
[SourceQuality "1"]

1. c4 g6 2. Nc3 Bg7 3. d4 Nf6 4. e4 d6 5. Bd3 0-0 6. Nge2 Nc6 7. 0-0 Nd7 8. Be3 e5 9. d5 Nd4 10. Rc1 c6 11. dxc6 bxc6 12. b4 a5 13. b5 Bb7 14. bxc6 Bxc6 15. f3 Rb8 16. Nb5 Nxb5 17. cxb5 Bxb5 18. Bxb5 Rxb5 19. Qxd6 Rb2 20. Rfe1 Re8 21. Qa3 Rb7 22. Red1 Qa8 23. Rd5 Qa6 24. Nc3 Ra8 25. Rd6 Qc4 26. Nd5 Qe2 27. Ne7+ Kh8 28. Rd2 Qb5 29. Nc8 Bf8 30. Nd6 Bxd6 31. Rxd6 Kg8 32. Qc3 Nb6 33. Bh6 Re8 34. Qc5 Na4 35. Qd5 Rbb8 36. Rc7 Qxd5 37. Rxd5 Nb2 38. Rdd7 Rec8 39. Ra7 Ra8 40. Rxf7 Rxa7 41. Rxa7 Nc4 42. Kf2 Kh8 43. Kg3 1-0